000 00410nam a22001697a 4500
005 20180530125530.0
008 160623b xxu||||| |||| 00| 0 eng d
020 _a81-7381-065-6
041 _aeng
082 _b9383
_a519.5
100 _aGhosh. R.K. and Sahe S.
_92579
245 _aBusiness Mathematics & Statistics
260 _bCentral
_c2006
300 _a342
650 _aManagement
_9241
942 _cBK
999 _c3680
_d3679